[Event "Superettan(Majorna-Stockholms SS)"]
[Site "?"]
[Date "2012.10.21"]
[Round "2"]
[White "Nilsson, Mats E."]
[Black "Ruonala, Robert"]
[Result "0-1"]
[WhiteElo "2125"]
[BlackElo "2052"]
[PlyCount "42"]
[EventDate "2012.??.??"]

1. d4 d5 2. c4 c6 3. Nf3 Nf6 4. e3 e6 5. Nbd2 Nbd7 6. Bd3 dxc4 7. Nxc4 b5 8.
Nce5 Bb7 9. O-O Be7 10. a3 O-O 11. Qc2 c5 12. Bxb5 Nxe5 13. dxe5 Ng4 14. Bd3
Bxf3 15. gxf3 Nxe5 16. Bxh7+ Kh8 17. Be4 f5 18. Bxa8 Qxa8 19. e4 Nxf3+ 20. Kh1
fxe4 21. Be3 Qb8 0-1

[Event "Superettan(Majorna-Stockholms SS)"]
[Site "?"]
[Date "2012.10.21"]
[Round "2"]
[White "Linden, Leif"]
[Black "Carlsten, Peter"]
[Result "0-1"]
[WhiteElo "2036"]
[BlackElo "2124"]
[PlyCount "52"]
[EventDate "2012.??.??"]

1. d4 f5 2. g3 Nf6 3. Bg2 g6 4. Nf3 Bg7 5. O-O O-O 6. c4 d6 7. Nc3 Qe8 8. d5 c6
9. Nd4 Bd7 10. e3 Na6 11. Qc2 Nc7 12. Bd2 c5 13. Nde2 b5 14. cxb5 Nxb5 15. Nf4
Rb8 16. Rab1 Ng4 17. Ne6 Bxe6 18. dxe6 Nc7 19. e4 Nxe6 20. exf5 Nd4 21. Qe4
gxf5 22. Qd5+ Kh8 23. Qc4 Ne5 24. Qd5 e6 25. Qxd6 Rd8 26. Qxc5 Ndf3+ 0-1

[Event "Superettan(Limhamn II-Schack 08)"]
[Site "?"]
[Date "2012.11.10"]
[Round "2"]
[White "Renman, Nils-Gustaf"]
[Black "Mansson, Lars"]
[Result "1-0"]
[WhiteElo "2401"]
[BlackElo "2273"]
[PlyCount "93"]
[SourceDate "2012.11.14"]

1. d4 d5 2. Nf3 Nf6 3. c4 c6 4. e3 e6 5. Nc3 Nbd7 6. Bd3 Be7 7. O-O O-O 8. e4
dxe4 9. Nxe4 Nxe4 10. Bxe4 Nf6 11. Bc2 c5 12. Bg5 cxd4 13. Qd3 g6 14. Rfe1 Nd7
15. Bxe7 Qxe7 16. Qxd4 Qf6 17. Rad1 a5 18. Qxf6 Nxf6 19. Ne5 b6 20. Rd6 Rb8 21.
Red1 Kg7 22. f3 Ba6 23. b3 Rfc8 24. a4 Rc5 25. f4 h6 26. Kf2 g5 27. g3 h5 28.
h4 g4 29. Bb1 Rc7 30. Ke3 Rcc8 31. f5 Rc5 32. Kf4 Bc8 33. Nc6 Rb7 34. fxe6 fxe6
35. Ne5 Rcc7 36. Be4 Nxe4 37. Kxe4 Rb8 38. Ke3 Rc5 39. Kd4 Rb7 40. Rf1 Rcc7 41.
Rd8 Ra7 42. Rff8 Ba6 43. Rh8 Kf6 44. Rdf8+ Kg7 45. Rfg8+ Kf6 46. Rh6+ Ke7 47.
Rh7+ 1-0

[Event "Superettan(Limhamn II-Schack 08)"]
[Site "?"]
[Date "2012.11.10"]
[Round "2"]
[White "Holst, Conny"]
[Black "Ingbrant, Johan"]
[Result "1/2-1/2"]
[WhiteElo "2248"]
[BlackElo "2445"]
[PlyCount "39"]
[EventDate "2012.??.??"]

1. d4 d6 2. Nf3 Bg4 3. c4 Nd7 4. Nc3 e5 5. e3 Ngf6 6. Be2 c6 7. d5 Be7 8. O-O
O-O 9. Nd2 Bxe2 10. Qxe2 cxd5 11. cxd5 Rc8 12. e4 a6 13. a4 Qa5 14. Re1 Nb6 15.
Ra3 Nfd7 16. Nb3 Qb4 17. a5 Nc4 18. Na2 Qb5 19. Nc3 Qb4 20. Na2 1/2-1/2

[Event "Superettan(Limhamn II-Schack 08)"]
[Site "?"]
[Date "2012.11.10"]
[Round "2"]
[White "Laveryd, Peter"]
[Black "Tadjerbashi, Amir"]
[Result "1-0"]
[WhiteElo "2420"]
[BlackElo "2233"]
[PlyCount "69"]

1. e4 e5 2. Nf3 Nc6 3. Nc3 Nf6 4. g3 Bc5 5. Bg2 d6 6. O-O h6 7. d3 Bg4 8. Be3
Qd7 9. Qd2 O-O-O 10. Nd5 Bxe3 11. fxe3 Nxd5 12. exd5 Ne7 13. c4 Kb8 14. e4 f5
15. c5 c6 16. Qc3 cxd5 17. cxd6 Ng6 18. Nxe5 Nxe5 19. Qxe5 dxe4 20. dxe4 Rhe8
21. Qd5 Qxd6 22. Qxd6+ Rxd6 23. exf5 Re2 24. Rf4 Bh5 25. Rb4 b6 26. Re4 Rxb2
27. Re7 Rdd2 28. Be4 Re2 29. Rc1 Rxe4 30. Rxe4 Bf3 31. Re7 Rg2+ 32. Kf1 Rxh2
33. Rc4 Rxa2 34. Rd4 Bb7 35. Rxg7 1-0

[Event "Superettan(Limhamn II-Schack 08)"]
[Site "?"]
[Date "2012.11.10"]
[Round "2"]
[White "Nylen, Anders"]
[Black "Schutz, Ingemar"]
[Result "1/2-1/2"]
[WhiteElo "2184"]
[BlackElo "2234"]
[PlyCount "129"]

1. d4 Nf6 2. c4 g6 3. Nc3 Bg7 4. e4 d6 5. f3 O-O 6. Bg5 c5 7. d5 e6 8. Qd2 exd5
9. cxd5 a6 10. a4 Re8 11. Bd3 Nbd7 12. Nh3 Ne5 13. Nf2 Nxd3+ 14. Nxd3 Qc7 15.
O-O Rb8 16. Kh1 b5 17. axb5 axb5 18. b4 Nd7 19. Rfc1 Ne5 20. Nxe5 Bxe5 21. Bf4
Bd7 22. Bxe5 Rxe5 23. Ra6 Rb6 24. Ra5 Re8 25. Qb2 Rc8 26. Ne2 Qd8 27. Ra7 Be8
28. h3 Rbb8 29. Nf4 Rc7 30. Rca1 c4 31. Qd4 c3 32. Rc1 Rc4 33. Qd3 Rbc8 34. Ne2
Qf6 35. Ra3 Rxb4 36. Raxc3 Rxc3 37. Rxc3 Kg7 38. Rc8 Qa1+ 39. Kh2 Qe5+ 40. Kg1
Ra4 41. Qc3 Qxc3 42. Nxc3 Ra1+ 43. Kf2 Bd7 44. Rc7 Be8 45. Rb7 Ra5 46. Ke3 Ra3
47. Kd2 g5 48. Nxb5 Ra2+ 49. Ke3 Bxb5 50. Rxb5 Rxg2 51. Rb6 Rg3 52. Rxd6 Rxh3
53. Kf2 h5 54. Rd8 g4 55. fxg4 hxg4 56. e5 Rd3 57. d6 Kg6 58. Ke2 Rd5 59. Re8
Kf5 60. Ke3 f6 61. exf6 Kxf6 62. Rd8 Ke6 63. Kf4 Rxd6 64. Rxd6+ Kxd6 65. Kxg4
1/2-1/2

[Event "Superettan(Limhamn II-Schack 08)"]
[Site "?"]
[Date "2012.11.10"]
[Round "2"]
[White "Faldt, Magnus"]
[Black "Mansson, Peter"]
[Result "1-0"]
[WhiteElo "2203"]
[BlackElo "2196"]
[PlyCount "87"]

1. d4 Nf6 2. c4 c5 3. d5 e6 4. Nc3 exd5 5. cxd5 d6 6. e4 g6 7. Nf3 Bg7 8. h3
O-O 9. Bd3 a6 10. a4 Re8 11. O-O Nbd7 12. Re1 Nh5 13. Bg5 Bf6 14. Be3 Ne5 15.
Be2 Nxf3+ 16. Bxf3 Ng7 17. Qd2 b6 18. Rab1 Be5 19. Bg5 f6 20. Bf4 f5 21. Bxe5
Rxe5 22. exf5 Rxe1+ 23. Rxe1 Nxf5 24. g4 Nd4 25. Bg2 Bd7 26. Ne4 Qf8 27. g5
Bxh3 28. Nf6+ Kg7 29. Qe3 Bxg2 30. Qe7+ Qf7 31. Kxg2 Nf5 32. Qe4 h6 33. Ne8+
Kf8 34. gxh6 Nxh6 35. Nxd6 Qf6 36. Ne8 Qg5+ 37. Kf1 Ng4 38. Nc7 Nh2+ 39. Ke2
Qh5+ 40. f3 Rc8 41. d6 Ng4 42. Qf4+ Kg7 43. fxg4 Qh3 44. Kd2 1-0

[Event "Superettan(Limhamn II-Schack 08)"]
[Site "?"]
[Date "2012.11.10"]
[Round "2"]
[White "Nurmi, Tommy"]
[Black "Ottenklev, Niclas"]
[Result "1/2-1/2"]
[WhiteElo "2108"]
[BlackElo "2212"]
[PlyCount "100"]

1. c4 e6 2. e3 d5 3. Nf3 Nf6 4. b3 c6 5. Bb2 Bd6 6. Be2 O-O 7. O-O Nbd7 8. d4
Ne4 9. Ne5 f5 10. f3 Ng5 11. Nxd7 Bxd7 12. f4 Nf7 13. Ba3 Bxa3 14. Nxa3 Kh8 15.
Nc2 g5 16. Ne1 Rg8 17. Nf3 h6 18. Ne5 Nxe5 19. fxe5 Qe7 20. c5 Raf8 21. Qd2 Be8
22. Rf2 Bg6 23. Bd3 Qh7 24. Qc2 Rf7 25. Raf1 Rgf8 26. b4 a6 27. a4 Kg7 28. Rb1
f4 29. Bxg6 Qxg6 30. Qxg6+ Kxg6 31. exf4 Rxf4 32. Rd2 Re4 33. g3 Rf3 34. b5 Ra3
35. bxc6 bxc6 36. Rb6 Rxa4 37. Rxc6 Raxd4 38. Rxd4 Rxd4 39. Rxe6+ Kf5 40. Rxh6
Kxe5 41. Rxa6 Rc4 42. Rg6 Kf5 43. Rc6 d4 44. Kf1 Ke4 45. h4 gxh4 46. gxh4 Rc1+
47. Kf2 Rc2+ 48. Kg3 d3 49. Re6+ Kf5 50. Rd6 Rxc5 1/2-1/2

[Event "Superettan(Limhamn II-Schack 08)"]
[Site "?"]
[Date "2012.11.10"]
[Round "2"]
[White "Arvidsson, Tomas"]
[Black "Ollen, Martin"]
[Result "0-1"]
[WhiteElo "2033"]
[BlackElo "2082"]
[PlyCount "50"]

1. f4 c5 2. Nf3 Nf6 3. d3 d5 4. e3 Nc6 5. Be2 g6 6. O-O Bg7 7. Qe1 O-O 8. Qh4
b5 9. a4 b4 10. Nbd2 Qb6 11. e4 c4+ 12. Kh1 c3 13. bxc3 bxc3 14. Rb1 Qe3 15.
Re1 cxd2 16. Bxd2 Qc5 17. Rb5 Qxc2 18. Bd1 Qxd3 19. Be2 Qxe4 20. Rc5 Nd4 21.
Ng5 Nf5 22. Qh3 Qd4 23. Rc2 h6 24. Nf3 Qxa4 25. Rc5 Ne4 0-1

[Event "Superettan(Limhamn II-Schack 08)"]
[Site "?"]
[Date "2012.11.10"]
[Round "2"]
[White "Hansen, Anders"]
[Black "Hansson, Christian"]
[Result "1-0"]
[WhiteElo "2096"]
[BlackElo "2094"]
[PlyCount "113"]

1. d4 e6 2. c4 f5 3. g3 Nf6 4. Bg2 Be7 5. Nf3 O-O 6. O-O d6 7. Nc3 Qe8 8. Qc2
Qh5 9. h3 Nc6 10. d5 Nb4 11. Qb3 Na6 12. dxe6 Nc5 13. Qc2 Nxe6 14. Nd5 Bd8 15.
Be3 Ne4 16. Nd4 Nxd4 17. Bxd4 Ng5 18. Nf4 Qh6 19. c5 Nf7 20. Qb3 g5 21. Nd3 f4
22. g4 Bf6 23. Bxf6 Qxf6 24. cxd6 Qxd6 25. Rac1 c6 26. Nc5 b6 27. Rfd1 Qe5 28.
Nd3 Be6 29. Qa3 Qf6 30. Rxc6 Rad8 31. Rc7 Nd6 32. Qc3 Nb5 33. Qxf6 Rxf6 34.
Rcc1 Bxa2 35. Nb4 Rxd1+ 36. Rxd1 Bc4 37. Bf3 Rd6 38. Rc1 Be6 39. Kf1 a5 40. Nd3
Nd4 41. Be4 Nb3 42. Rc2 h5 43. gxh5 Bxh3+ 44. Ke1 Nd4 45. Rc7 Bg4 46. Bg6 Ne6
47. Ra7 Nf8 48. Bf7+ Kh8 49. Ne5 Be6 50. Ra8 Kg7 51. h6+ Kxh6 52. Rxf8 Kg7 53.
Rg8+ Kf6 54. Bxe6 Kxe6 55. Rxg5 Kf6 56. Nf3 Rd8 57. Rb5 1-0

[Event "Superettan(Upsala-Sollentuna)"]
[Site "?"]
[Date "2012.11.10"]
[Round "2"]
[White "Ernst, Thomas"]
[Black "Burwick, Malte"]
[Result "1/2-1/2"]
[WhiteElo "2533"]
[BlackElo "2286"]
[PlyCount "36"]

1. e4 g6 2. d4 Bg7 3. Nc3 d6 4. f4 a6 5. Nf3 b5 6. Bd3 Nd7 7. Be3 Bb7 8. e5 e6
9. Be4 Bxe4 10. Nxe4 Nb6 11. O-O f5 12. Neg5 Qd7 13. Bf2 h6 14. d5 Nxd5 15.
Nxe6 Qxe6 16. Nd4 Qd7 17. e6 Qd8 18. Nxf5 Ngf6 1/2-1/2

[Event "Superettan(Upsala-Sollentuna)"]
[Site "?"]
[Date "2012.11.10"]
[Round "2"]
[White "Johansson, Jan"]
[Black "Vaarala, Eric"]
[Result "1-0"]
[WhiteElo "2445"]
[BlackElo "2296"]
[PlyCount "95"]

1. d4 d5 2. Nf3 c6 3. c4 dxc4 4. e3 b5 5. a4 Bb7 6. b3 e6 7. bxc4 b4 8. c5 a5
9. Nbd2 Nf6 10. Bb2 Be7 11. Nc4 Nbd7 12. Bd3 Ba6 13. O-O O-O 14. Rc1 Qc7 15.
Re1 Rfd8 16. Qc2 h6 17. e4 Bf8 18. Qe2 Rab8 19. e5 Bxc4 20. Rxc4 Nd5 21. Qe4 g6
22. h4 Bg7 23. h5 Nf8 24. hxg6 fxg6 25. Qg4 Qf7 26. Bc1 Rd7 27. Nd2 h5 28. Qg3
Qf4 29. Qh3 Rf7 30. Ne4 Qg4 31. Qh2 h4 32. Nd6 Nf4 33. Bf1 Bh6 34. Nxf7 Kxf7
35. d5 exd5 36. Rxf4+ Bxf4 37. Bxf4 Ne6 38. Bc1 b3 39. Bb2 g5 40. Be2 Qb4 41.
Kf1 Ke7 42. Qh3 Qd2 43. Bc1 Qb4 44. Qf5 Rf8 45. Bxg5+ Kd7 46. Bf6 Qe4 47. Qxe4
dxe4 48. Bg4 1-0

[Event "Superettan(Upsala-Sollentuna)"]
[Site "?"]
[Date "2012.11.10"]
[Round "2"]
[White "Kassani, Sam"]
[Black "Andersson, Fredrik"]
[Result "0-1"]
[WhiteElo "2223"]
[BlackElo "2363"]
[PlyCount "124"]

1. d4 Nf6 2. Nf3 g6 3. Bf4 Bg7 4. e3 O-O 5. Be2 d6 6. O-O Nbd7 7. h3 Re8 8. c3
b6 9. a4 a6 10. Bh2 Bb7 11. Nbd2 e5 12. dxe5 dxe5 13. Nc4 e4 14. Nfe5 Bd5 15.
Nxd7 Qxd7 16. Qc2 Qe6 17. Nd2 Re7 18. c4 Bb7 19. Nb3 Rd7 20. a5 Ne8 21. Rac1 c5
22. Ra1 Rad8 23. Rfd1 Qc6 24. Rxd7 Rxd7 25. axb6 Qxb6 26. Rd1 Rxd1+ 27. Bxd1
Qb4 28. Kf1 a5 29. Nd2 Bxb2 30. Nxe4 a4 31. Qxa4 Qxa4 32. Bxa4 Bxe4 33. Bxe8
Bd3+ 34. Ke1 Bxc4 35. Bd6 Bc3+ 36. Kd1 Bb3+ 37. Kc1 c4 38. Bc6 Be1 39. f4 c3
40. Be4 Bd2+ 41. Kb1 Bxe3 42. f5 Bd4 43. Bc2 Bd5 44. g3 Kg7 45. fxg6 hxg6 46.
Bd3 Bb3 47. Be7 f6 48. h4 Be5 49. g4 Bd1 50. g5 f5 51. Bb4 f4 52. Bc2 Be2 53.
Be4 f3 54. Bc5 Bg3 55. Bd4+ Kf7 56. h5 f2 57. hxg6+ Ke7 58. Bc5+ Ke6 59. Bxf2
Bxf2 60. Bd5+ Kxd5 61. g7 Bd3+ 62. Ka1 Bh7 0-1

[Event "Superettan(Upsala-Sollentuna)"]
[Site "?"]
[Date "2012.11.10"]
[Round "2"]
[White "Lindberg, Henrik"]
[Black "Walinder, Lars"]
[Result "1-0"]
[WhiteElo "2268"]
[BlackElo "2174"]
[PlyCount "46"]

1. e4 c5 2. Nf3 d6 3. d4 cxd4 4. Nxd4 Nf6 5. Nc3 a6 6. Be2 e5 7. Nb3 Be7 8. O-O
O-O 9. Re1 Be6 10. Bf3 Nbd7 11. a4 Rc8 12. a5 Qc7 13. Be3 Rfd8 14. Nc1 Nc5 15.
Nd3 d5 16. Bxc5 Bxc5 17. exd5 e4 18. Bxe4 Nxd5 19. Bxd5 Bxd5 20. Re5 Qc6 21.
Nxc5 Bxg2 22. Qg4 Bf3 23. Qg3 Rd4 1-0

[Event "Superettan(Upsala-Sollentuna)"]
[Site "?"]
[Date "2012.11.10"]
[Round "2"]
[White "Jansson Owen, Anders"]
[Black "Marttala, Thomas"]
[Result "1-0"]
[WhiteElo "2210"]
[BlackElo "2235"]
[PlyCount "61"]

1. Nf3 Nf6 2. c4 g6 3. Nc3 d5 4. cxd5 Nxd5 5. Qa4+ Nc6 6. Ne5 Bg7 7. Nxc6 Nxc3
8. dxc3 Qd7 9. Bf4 Qxc6 10. Qxc6+ bxc6 11. Bxc7 Be6 12. e4 a5 13. Bf4 O-O 14.
Be2 Ra7 15. a3 Rb7 16. O-O-O f5 17. exf5 Bb3 18. Rde1 e5 19. Be3 gxf5 20. f3
Rd8 21. Bd1 Bd5 22. Bc2 Rdb8 23. b4 axb4 24. axb4 e4 25. fxe4 fxe4 26. Bd2 Ra8
27. Bb1 Ra3 28. Re3 Rf7 29. Rhe1 Rf2 30. c4 Rxe3 31. Bxe3 1-0

[Event "Superettan(Upsala-Sollentuna)"]
[Site "?"]
[Date "2012.11.10"]
[Round "2"]
[White "Thorgeirsson, Sverrir"]
[Black "Jakenberg, Jussi"]
[Result "1-0"]
[WhiteElo "2208"]
[BlackElo "2131"]
[PlyCount "89"]

1. d4 d6 2. e4 Nf6 3. Nc3 e5 4. Nf3 Nbd7 5. Bc4 Be7 6. a4 O-O 7. O-O c6 8. a5
Nxe4 9. Nxe4 d5 10. Bb3 dxe4 11. Nxe5 Nxe5 12. dxe5 Qxd1 13. Rxd1 Bg4 14. Re1
Rfd8 15. c3 Bf5 16. Bf4 g5 17. Be3 Kg7 18. Ra4 f6 19. exf6+ Bxf6 20. Bc2 Rd5
21. Bxe4 Bxe4 22. Rxe4 Rxa5 23. Bd4 Rf8 24. h4 gxh4 25. Rg4+ Kf7 26. Rf4 Kg6
27. Re6 Rf5 28. Rxh4 h5 29. Bxa7 Kf7 30. Rhe4 Ra8 31. Bd4 Bxd4 32. Re7+ Kf6 33.
R4e6+ Kg5 34. cxd4 Ra1+ 35. Kh2 Rxf2 36. Rxb7 Rd2 37. Rxc6 Rxd4 38. Rb5+ Kf4
39. Rxh5 Rd2 40. Rc4+ Ke3 41. Re5+ Kd3 42. Rd5+ Ke3 43. Rxd2 Kxd2 44. g4 Kd3
45. Rb4 1-0

[Event "Superettan(Upsala-Sollentuna)"]
[Site "?"]
[Date "2012.11.10"]
[Round "2"]
[White "Bostrom, Gabriel"]
[Black "Johansson, Thomas"]
[Result "0-1"]
[WhiteElo "2065"]
[BlackElo "2240"]
[PlyCount "56"]

1. e4 e6 2. d4 d5 3. Nd2 a6 4. Ngf3 c5 5. exd5 exd5 6. dxc5 Bxc5 7. Nb3 Bb6 8.
c3 Nf6 9. Bg5 O-O 10. Be2 Re8 11. Nbd4 h6 12. Bh4 g5 13. Bg3 Ne4 14. Bxb8 Rxb8
15. Nd2 Bxd4 16. cxd4 Nxd2 17. Qxd2 Qe7 18. Kf1 Bf5 19. Re1 Rbc8 20. g4 Rc2 21.
Qd1 Bg6 22. Rg1 Rxb2 23. Rg3 Qc7 24. Bd3 Bxd3+ 25. Rxd3 Rxe1+ 26. Qxe1 Qxh2 27.
Qe8+ Kg7 28. Rg3 Qxf2# 0-1

[Event "Superettan(Upsala-Sollentuna)"]
[Site "?"]
[Date "2012.11.10"]
[Round "2"]
[White "Johansson, Carl Fredrik"]
[Black "Stromback, Henrik"]
[Result "1-0"]
[WhiteElo "2231"]
[BlackElo "1837"]
[PlyCount "51"]

1. d4 d5 2. c4 e6 3. Nc3 f5 4. cxd5 exd5 5. Qc2 Nf6 6. Bg5 Be7 7. e3 c6 8. Bd3
Ne4 9. Bxe7 Kxe7 10. f3 Nd6 11. O-O-O Be6 12. Nh3 Na6 13. a3 Qd7 14. Nf4 Nc7
15. Rhe1 Rhf8 16. h3 Rae8 17. g4 g6 18. Kb1 Kd8 19. Na4 Bg8 20. Nc5 Qc8 21. Qh2
b6 22. Nxd5 Ncb5 23. Nb4 f4 24. Nca6 Rf6 25. Rc1 Nb7 26. Bxb5 1-0

[Event "Superettan(Orebro-Farsta)"]
[Site "?"]
[Date "2012.11.10"]
[Round "2"]
[White "von Bahr, Oskar"]
[Black "Nygren, Kim"]
[Result "1-0"]
[WhiteElo "2355"]
[BlackElo "2310"]
[PlyCount "95"]
[SourceDate "2012.11.15"]

1. e4 e6 2. d4 d5 3. Nc3 Bb4 4. e5 c5 5. a3 Bxc3+ 6. bxc3 Qa5 7. Bd2 Qa4 8. Nf3
b6 9. Bd3 Ba6 10. O-O Bxd3 11. cxd3 Qxd1 12. Rfxd1 Nd7 13. a4 Ne7 14. dxc5 Nxc5
15. Be3 Kd7 16. Bxc5 bxc5 17. Rdb1 Kc6 18. Rb5 a6 19. Rb2 Rab8 20. Rab1 Rxb2
21. Rxb2 h6 22. Kf1 Kc7 23. Nd2 Nc6 24. f4 g5 25. g3 gxf4 26. gxf4 Rg8 27. Kf2
f6 28. exf6 Rf8 29. Ke3 e5 30. fxe5 Nxe5 31. d4 Ng4+ 32. Kf4 Nxf6 33. Ke5 Kc6
34. Nb3 Nd7+ 35. Ke6 Re8+ 36. Kf5 Re3 37. Na5+ Kd6 38. Nb7+ Kc6 39. Na5+ Kc7
40. Rb7+ Kc8 41. Ra7 Rxc3 42. Ke6 Nb6 43. Rxa6 Kc7 44. Ra7+ Kc8 45. Nc6 cxd4
46. Nxd4 Kb8 47. Rh7 Nxa4 48. Kd6 1-0

[Event "Superettan(Orebro-Farsta)"]
[Site "?"]
[Date "2012.11.10"]
[Round "2"]
[White "Alm, Hakan"]
[Black "Hjelm, Niclas"]
[Result "1/2-1/2"]
[WhiteElo "2327"]
[BlackElo "2377"]
[PlyCount "62"]

1. c4 c6 2. d4 d5 3. cxd5 cxd5 4. Nf3 Nf6 5. Nc3 Nc6 6. Bf4 Ne4 7. e3 Nxc3 8.
bxc3 e6 9. Bd3 Bd6 10. O-O Qc7 11. Bxd6 Qxd6 12. e4 dxe4 13. Bxe4 O-O 14. Rb1
b6 15. Re1 Bd7 16. Ne5 Rac8 17. Qh5 g6 18. Qh4 Nxe5 19. dxe5 Qa3 20. Rbd1 Ba4
21. Rb1 Rxc3 22. Qf6 Re8 23. h4 Qe7 24. Qf4 Rec8 25. h5 Bc2 26. Bxc2 Rxc2 27.
h6 R2c4 28. Qd2 Rc2 29. Qf4 R2c4 30. Qe3 Rc3 31. Qd2 Rc2 1/2-1/2

[Event "Superettan(Orebro-Farsta)"]
[Site "?"]
[Date "2012.11.10"]
[Round "2"]
[White "Lissang, Christopher"]
[Black "Gruvaeus, Curt"]
[Result "0-1"]
[WhiteElo "2311"]
[BlackElo "2326"]
[PlyCount "126"]

1. d4 Nf6 2. c4 c5 3. d5 e6 4. Nf3 a6 5. Nc3 exd5 6. cxd5 d6 7. a4 g6 8. Nd2
Nbd7 9. e4 Bg7 10. Be2 O-O 11. O-O Re8 12. Qc2 Nh5 13. Bxh5 gxh5 14. Kh1 Rb8
15. a5 Ne5 16. f4 Ng4 17. Nf3 f5 18. exf5 Qf6 19. h3 Bxf5 20. Qd1 b5 21. axb6
Rxb6 22. Kg1 Nh6 23. Re1 Re7 24. Re2 Bg6 25. Re6 Rxe6 26. dxe6 Qxe6 27. Ng5
Bd4+ 28. Kh2 Qf5 29. Qe2 Rb8 30. Rxa6 Re8 31. Qc4+ Bf7 32. Nxf7 Qxf7 33. Qxf7+
Nxf7 34. Bd2 h4 35. g3 d5 36. Ra1 Bxc3 37. Bxc3 d4 38. Be1 Re2+ 39. Kg1 Rxb2
40. gxh4 Nd6 41. Ra6 Ne4 42. Ra8+ Kf7 43. Rd8 Nf6 44. Rc8 Rc2 45. f5 Ne4 46.
Rd8 Kf6 47. Rd5 Rc1 48. Kf1 Ng3+ 49. Kf2 Nxf5 50. Ke2 c4 51. Bf2 Ke6 52. Rd8
Ke5 53. Kf3 Rc3+ 54. Kg4 Ne3+ 55. Kg5 Ke4 56. h5 Rd3 57. h6 c3 58. Rc8 Kf3 59.
Bxe3 Kxe3 60. Kf6 Kd2 61. Kg7 Rxh3 62. Kxh7 c2 63. Kg7 c1=Q 0-1

[Event "Superettan(Orebro-Farsta)"]
[Site "?"]
[Date "2012.11.10"]
[Round "2"]
[White "Lindeman, Sven"]
[Black "Jonsson, Krister"]
[Result "0-1"]
[WhiteElo "2230"]
[BlackElo "2142"]
[PlyCount "76"]

1. e4 e6 2. d3 d5 3. Nd2 c5 4. Ngf3 Nc6 5. g3 Nge7 6. Bg2 g6 7. O-O Bg7 8. Re1
O-O 9. e5 Qc7 10. Qe2 f6 11. exf6 Bxf6 12. Nb3 e5 13. Bh6 Re8 14. c4 dxc4 15.
dxc4 Nf5 16. Bg5 Bg7 17. Be3 b6 18. Ng5 h6 19. Bd5+ Kh8 20. Ne4 Be6 21. Bxe6
Rxe6 22. Qg4 Rae8 23. h4 Qf7 24. a3 Nfd4 25. Bxd4 exd4 26. Nbd2 Ne5 27. Qe2 d3
28. Qd1 Qf5 29. Kg2 Nxc4 30. Nxc4 Rxe4 31. Ne3 Rxe3 32. Rxe3 Rxe3 33. fxe3 Bxb2
34. Rb1 Qe4+ 35. Qf3 Qxf3+ 36. Kxf3 c4 37. Ke4 d2 38. a4 Bc1 0-1

[Event "Superettan(Orebro-Farsta)"]
[Site "?"]
[Date "2012.11.10"]
[Round "2"]
[White "Blomstrom, Lars"]
[Black "Lundin, Jan"]
[Result "1-0"]
[WhiteElo "2161"]
[BlackElo "2297"]
[PlyCount "85"]

1. e4 c6 2. d4 d5 3. Nc3 dxe4 4. Nxe4 Bf5 5. Ng3 Bg6 6. h4 h6 7. Nf3 Nd7 8. h5
Bh7 9. Bd3 Bxd3 10. Qxd3 e6 11. Bd2 Ngf6 12. O-O-O Be7 13. Kb1 O-O 14. Qe2 c5
15. d5 Nxd5 16. Ne4 Qb6 17. g4 f5 18. gxf5 Rxf5 19. c4 Raf8 20. Nh4 Bxh4 21.
Rxh4 N5f6 22. Ng3 Re5 23. Qd3 Rg5 24. f4 Rxg3 25. Qxg3 Ne4 26. Qe3 Qc6 27. Re1
Ndf6 28. Bc3 Nxc3+ 29. Qxc3 Rd8 30. Qe5 Kf7 31. f5 Re8 32. Rhh1 exf5 33. Qxf5
Re4 34. Rhg1 Rxe1+ 35. Rxe1 b6 36. a3 Qd6 37. Rg1 Qe7 38. Qg6+ Kf8 39. Ka1 Qf7
40. Qd3 Qxh5 41. Qd6+ Kf7 42. Qc7+ Ke8 43. Rxg7 1-0

[Event "Superettan(Orebro-Farsta)"]
[Site "?"]
[Date "2012.11.10"]
[Round "2"]
[White "Hedin, Gunnar"]
[Black "Sundelius, Per"]
[Result "1/2-1/2"]
[WhiteElo "2172"]
[BlackElo "2008"]
[PlyCount "55"]

1. d4 Nf6 2. c4 c5 3. d5 b5 4. f3 bxc4 5. e4 d6 6. Bxc4 g6 7. Bd2 Bg7 8. Qa4+
Bd7 9. Qc2 O-O 10. Ne2 Qb6 11. Nbc3 Na6 12. a3 Nc7 13. O-O Rfb8 14. Rab1 Bb5
15. Nxb5 Nxb5 16. Bxb5 Qxb5 17. Bc3 Qb3 18. Qd2 Nd7 19. Bxg7 Kxg7 20. f4 Qc4
21. Ng3 Rb3 22. f5 Qd4+ 23. Qxd4+ cxd4 24. Ne2 Rab8 25. Nxd4 Rxb2 26. Rxb2 Rxb2
27. fxg6 hxg6 28. Nc6 1/2-1/2

[Event "Superettan(Orebro-Farsta)"]
[Site "?"]
[Date "2012.11.10"]
[Round "2"]
[White "Larsson, Patrik"]
[Black "Wieweg, Johnny"]
[Result "1/2-1/2"]
[WhiteElo "1979"]
[BlackElo "2134"]
[PlyCount "52"]

1. e4 e5 2. Nf3 Nc6 3. Bb5 f5 4. d3 fxe4 5. dxe4 Nf6 6. Qd3 Bc5 7. O-O d6 8.
Bg5 O-O 9. Bxc6 bxc6 10. Qc4+ Kh8 11. Nxe5 Qe8 12. Bxf6 Rxf6 13. Nd3 Bb6 14. e5
dxe5 15. Nd2 Bf5 16. a4 Rh6 17. Rfe1 Qh5 18. Nf1 Rf8 19. Nc5 e4 20. a5 Be6 21.
Nxe6 Rxf2 22. axb6 Rxg2+ 23. Kxg2 Qf3+ 24. Kg1 Rg6+ 25. Ng3 Rxg3+ 26. hxg3
Qxg3+ 1/2-1/2

[Event "Superettan(Farsta-Limhamn II)"]
[Site "?"]
[Date "2012.12.01"]
[Round "3"]
[White "Tadjerbashi, Amir"]
[Black "Hjelm, Niclas"]
[Result "0-1"]
[WhiteElo "2233"]
[BlackElo "2377"]
[PlyCount "144"]
[SourceDate "2012.12.05"]

1. e4 e5 2. Nf3 Nc6 3. d4 exd4 4. Bc4 Nf6 5. e5 Ng4 6. Qe2 Qe7 7. Bf4 f6 8.
exf6 gxf6 9. Nbd2 d6 10. c3 dxc3 11. bxc3 Qxe2+ 12. Kxe2 Bd7 13. Rhe1 O-O-O 14.
Bd5 Bg7 15. Nd4 Rde8+ 16. Kf1 Nge5 17. Reb1 Nd8 18. Nc4 Nxc4 19. Bxc4 f5 20.
Rd1 a6 21. Rac1 Be5 22. Bh6 Nc6 23. Nf3 Bf6 24. Ng5 Ne5 25. Be2 Ng4 26. Bxg4
fxg4 27. Nf7 Rhg8 28. Bd2 Re7 29. Nh6 Rge8 30. Re1 b5 31. Rxe7 Rxe7 32. Ng8 Re6
33. Nxf6 Rxf6 34. Kg1 Be6 35. a3 Kd7 36. Be3 Kc6 37. Rd1 Rf5 38. Bd4 Bd5 39.
Re1 Rf4 40. Rd1 a5 41. Be3 Ra4 42. Bc1 Re4 43. Be3 Rc4 44. Bd2 h5 45. Kf1 Re4
46. Be3 Bb3 47. Rb1 Bc2 48. Rc1 Bd3+ 49. Ke1 Ra4 50. Ra1 Be4 51. f3 gxf3 52.
gxf3 Bxf3 53. Kd2 Rh4 54. Bg1 Re4 55. Be3 Bg4 56. Kd3 Bf5 57. Kd2 Ra4 58. Bd4
Kd5 59. Rf1 Be4 60. Kc1 c5 61. Bg7 Rxa3 62. Kb2 Ra4 63. Rf4 Rc4 64. Rf6 b4 65.
Rh6 Bf3 66. cxb4 Rxb4+ 67. Kc1 Rb8 68. Rf6 Bg4 69. Rf2 a4 70. Bb2 Rb3 71. Kc2
Rf3 72. Rd2+ Kc6 0-1

[Event "Superettan(Farsta-Limhamn II)"]
[Site "?"]
[Date "2012.12.01"]
[Round "3"]
[White "Livner, Anders"]
[Black "Holst, Conny"]
[Result "0-1"]
[WhiteElo "2395"]
[BlackElo "2248"]
[PlyCount "64"]

1. d4 Nf6 2. c4 e6 3. Nc3 c5 4. d5 exd5 5. cxd5 d6 6. e4 g6 7. Nge2 Bg7 8. Ng3
O-O 9. Be2 Re8 10. O-O b6 11. a4 Na6 12. Bf4 Nb4 13. f3 a6 14. Qd2 Qc7 15. Rfc1
Bd7 16. Bh6 Bh8 17. Bg5 Rec8 18. h4 h5 19. e5 Nh7 20. e6 fxe6 21. Bd3 Be8 22.
dxe6 Nxg5 23. hxg5 d5 24. f4 Bd4+ 25. Kh1 Nxd3 26. Nxd5 Nf2+ 27. Kh2 Ng4+ 28.
Kh1 Qd6 29. Nf6+ Nxf6 30. gxf6 Qxe6 31. Ra3 Bc6 32. f5 Qxf6 0-1

[Event "Superettan(Farsta-Limhamn II)"]
[Site "?"]
[Date "2012.12.01"]
[Round "3"]
[White "Mansson, Lars"]
[Black "Ong, Kezli"]
[Result "1-0"]
[WhiteElo "2273"]
[BlackElo "2330"]
[PlyCount "87"]

1. e4 e5 2. Nf3 Nc6 3. Nc3 Nf6 4. Bb5 Bb4 5. O-O O-O 6. d3 d6 7. Bg5 Bxc3 8.
bxc3 Qe7 9. Re1 Nd8 10. d4 Ne6 11. Bc1 c5 12. Bf1 Nc7 13. d5 b5 14. g3 h6 15.
Bg2 Re8 16. h3 a5 17. Nh4 c4 18. Bd2 Na6 19. Rb1 Rb8 20. Qf3 Nc5 21. Nf5 Bxf5
22. Qxf5 Rf8 23. Qf3 Nh7 24. Qe2 f5 25. exf5 Rxf5 26. h4 Qf8 27. Rf1 Rb7 28.
Bh3 Rf6 29. Be3 Na4 30. Qd2 g5 31. Be6+ Kh8 32. hxg5 hxg5 33. Kg2 Nc5 34. Bxc5
dxc5 35. Qe3 Qd6 36. Rh1 b4 37. Rh5 Rg7 38. Rbh1 a4 39. Qe4 Qe7 40. Qxe5 b3 41.
Rxh7+ Rxh7 42. Rxh7+ Qxh7 43. Qxf6+ Qg7 44. Qd8+ 1-0